Hint | Answer |
king | rex, regis, m | | 100% | water | aqua, -aquae, f. | | 66.7% | island | insula, -insulae, f. | | 66.7% | tongue, language | lingua, linguae, f. | | 66.7% | forest | silva, silvae, f. | | 66.7% | life | vita, vitae, f. | | 66.7% | friendship | amicitia, amicitiae, f. | | 66.7% | country, native land | patria, patriae, f. | | 66.7% | gate | porta, portae, f. | | 66.7% | trumpet | tuba, tubae, f. | | 66.7% | farmhouse | villa, villae, f. | | 66.7% | field, territory | ager, agri, m. | | 66.7% | friend | amicus, amici, m. | | 66.7% | goddess | dea, deae, f. | | 66.7% | horse | equus, equi, m. | | 66.7% | daughter | filia, filiae, f. | | 66.7% | slave | servus, servi, m. | | 66.7% | sky | caelum, caeli, n. | | 66.7% | grain | frumentum, frumenti, n. | | 66.7% | town | oppidum, oppidi, n. | | 66.7% | danger, risk | periculum, periculi, n. | | 66.7% | word | verbum, verbi, n. | | 66.7% | arms | arma, armorum, n. | | 66.7% | captive | captivus, captivi, m. | | 66.7% | plan | consilium, consili, n. | | 66.7% | rumor, report, reputation | fama, famae, f. | | 66.7% | flight | fuga, fugae, f. | | 66.7% | battle | proelium, proeli, n. | | 66.7% | weapon | telum, teli, n. | | 66.7% | wagon, cart | carrus, carri, m. | | 66.7% | book | liber, libri, m. | | 66.7% | place | locus, loci, m. | | 66.7% | ally, comrade | socius, soci, m. | | 66.7% | hour | hora, horae, f. | | 66.7% | queen | regina, reginae, f. | | 66.7% | swiftness, speed | celeritas, celeritatis, f. | | 66.7% | leader | dux, ducis, m. | | 66.7% | brother | frater, fratris, m. | | 66.7% |
|
Hint | Answer |
command, military power, government | imperium, imperi, n. | | 66.7% | father | pater, patris, m. | | 66.7% | head | caput, capitis, n. | | 66.7% | time | tempus, temporis, n. | | 66.7% | wound | vulnus, vulneris, n. | | 66.7% | animal | animal, animalis, n. | | 66.7% | territory | fines, finium, m. | | 66.7% | family, clan, nation | gens, gentis, f. | | 66.7% | enemy | hostis, hostis, m. | | 66.7% | sea | mare, maris, n. | | 66.7% | mountain, hill | mons, montis, m. | | 66.7% | death | mors, mortis, f. | | 66.7% | ship | navis, navis, f. | | 66.7% | bread | panis, panis,m. | | 66.7% | city | urbs, urbis, f. | | 66.7% | farmer | agricola, agricolae, m. | | 33.3% | woman | femina, -feminae, f. | | 33.3% | fortune, chance | fortuna, -fortunae, f. | | 33.3% | letter | littera, litterae, f. | | 33.3% | nature | natura, naturae, f. | | 33.3% | poet | poeta, poetae, m. | | 33.3% | province | provincia, provinciae, f. | | 33.3% | girl | puella, puellae, f. | | 33.3% | sailor | nauta, nautae, m. | | 33.3% | earth, land | terra, terrae, f. | | 33.3% | road, way | via, viae, f. | | 33.3% | year | annus, anni, m. | | 33.3% | field, plain | campus, campi, m. | | 33.3% | god | deus, dei, m | | 33.3% | sword | gladius, gladi, m. | | 33.3% | envoy, lieutenant | legatus, legati, m. | | 33.3% | game; school | ludus, ludi, m. | | 33.3% | messenger, message | nuntius, nunti, m. | | 33.3% | boy | puer, pueri, m. | | 33.3% | man, husband | vir, viri, m. | | 33.3% | war | bellum, belli, n. | | 33.3% | kingdom, kingship | regnum, regni, n. | | 33.3% | mind, spirit | animus, animi, m. | | 33.3% |
|
Hint | Answer |
help, aid | auxilium, auxili, n. | | 33.3% | plenty, supply | copia, copiae, f. | | 33.3% | forces, troops | copiae, copiarum, f. | | 33.3% | baggage | impedimenta, impedimentorum, n. | | 33.3% | number, group | numerus, numeri, m. | | 33.3% | sign, signal, military standard | signum, signi, n. | | 33.3% | care, anxiety | cura, curae, f. | | 33.3% | lack, want | inopia, inopiae, f. | | 33.3% | anger | ira, irae, f. | | 33.3% | teacher | magister, magistri | | 33.3% | people, nation | populus, populi, m. | | 33.3% | reason, cause | causa, causae, f. | | 33.3% | letter, epistle | epistula, epistulae, f. | | 33.3% | story | fabula, fabulae, f. | | 33.3% | consul | consul, consulis, m. | | 33.3% | commander, general | imperator, imperatoris, m. | | 33.3% | mother | mater, matris, f. | | 33.3% | soldier | miles, militis, m. | | 33.3% | sister | soror, sororis, f. | | 33.3% | song | carmen, carminis, n. | | 33.3% | body | corpus, corporis, n. | | 33.3% | diligence, care | diligentia, diligentiae, f. | | 33.3% | river, stream | flumen, fluminis, n. | | 33.3% | march, journey, route | iter, itineris, n. | | 33.3% | name | nomen, nominis, n. | | 33.3% | citizen | civis, civis, m. or f. | | 33.3% | end, boundary | finis, finis, m. | | 33.3% | memory | memoria, memoriae, f. | | 0% | son | filius, fili, m. | | 0% | gift | donum, doni, n. | | 0% | auxiliary troops, reinforcements | auxilia, auxiliorum, n. | | 0% | hinderance | impedimentum, impedimenti, n. | | 0% | daring, boldness | audacia, audaciae, f. | | 0% | lord, master | dominus, domini, m. | | 0% | punishment, penalty | poena, poenae, f. | | 0% | money | pecunia, pecnuiae, f. | | 0% | fire | ignis, ignis, m. | | 0% |
|
Comments